| 000 | 00370nam a22001457a 4500 | ||
|---|---|---|---|
| 999 |
_c9033 _d9033 |
||
| 003 | OSt | ||
| 008 | 200715b ||||| |||| 00| 0 eng d | ||
| 100 | _aBhise , S.B. | ||
| 245 | _aText book of Anatomy Physilogy & Health Education | ||
| 250 | _a2018 | ||
| 260 |
_aNew Delhi _bNirali |
||
| 300 | _aPg-18.14 | ||
| 650 | _aHuman Anatomy and Physiology | ||
| 942 |
_2ddc _cBK _08 |
||